Diary of Walter Yonge, esq. : justice of the peace, and M.P. for Honiton /

Bibliographic Details
Main Author: Yonge, Walter, 1581?-1649
Other Authors: Roberts, George, 1803?-1860
Format: Book
Language:English
Series:Publications (Camden Society (Great Britain)) ; no. XLI.
Subjects:

MARC

Tag First Indicator Second Indicator Subfields
LEADER 00000cam a2200000 4500
001 in00000307694
005 20151010093511.0
008 770921s1848 enk 00010 eng d
010 |a a 17001221  
035 |a (OCoLC)03283628 
035 |9 ABG8161AM 
040 |a Chicago. Univ. Library  |c KLG  |d TXA  |d UtOrBLW 
049 |a TXAM  |c [287215] 
090 |a DA20  |b .C17 v. 41 
100 1 |a Yonge, Walter,  |d 1581?-1649. 
245 1 0 |a Diary of Walter Yonge, esq. :  |b justice of the peace, and M.P. for Honiton /  |c written at Colyton and Axminster, co. Devon, from 1604 to 1628. Edited by George Roberts. 
264 3 |a London :  |b Printed for the Camden Society, by J.B. Nichols and son,  |c 1848. 
300 |a xxxii, 124 pages 
336 |a text  |b txt  |2 rdacontent 
337 |a unmediated  |b n  |2 rdamedia 
338 |a volume  |b nc  |2 rdacarrier 
490 1 |a Camden Society. Publications ;  |v no. XLI 
651 0 |a Great Britain  |x History  |y Early Stuarts, 1603-1649  |x Sources. 
700 1 |a Roberts, George,  |d 1803?-1860. 
830 0 |a Publications (Camden Society (Great Britain)) ;  |v no. XLI. 
999 |a MARS 
999 f f |s 1838d30b-44e5-34cc-916a-3e8fe3193e76  |i 8b11084d-9d8f-3b9e-b1b4-d8ecf62861e0  |t 0 
952 f f |p ric  |a Texas A&M University  |b Rellis Campus  |c Joint Library Facility  |d Remote Storage  |t 0  |e DA20 .C17 v. 41  |h Library of Congress classification  |i unmediated -- volume  |m A14801906620 
998 f f |a DA20 .C17 v. 41  |t 0  |l Remote Storage